[Event "Welcome Tournament For New Players #3"]
[Site "SchemingMind.com"]
[Date "2006.08.14"]
[Round "-"]
[White "Coloplast"]
[Black "tomh"]
[Result "0-1"]
[WhiteCountry "SWE"]
[BlackCountry "ENG"]
[WhiteElo "1600"]
[WhiteRD "230"]
[BlackElo "1800"]
[BlackRD "173"]
[GameID "63711"]

1. c4 Nf6 2. Nc3 e6 3. g3 Bb4 4. Bg2 Nc6 5. d3 d5 6. cxd5 Nxd5 7. Bd2 O-O 8. a3 Bxc3 9. Bxc3 Nxc3 10. bxc3 Qf6
11. Qb3 Na5 12. Qb4 c5 13. Qb2 Bd7 14. Nf3 Bc6 15. O-O c4 16. Nd4 Bxg2 17. Kxg2 e5 18. Nf3 b6 19. d4 e4 20. Nd2 Qe6
21. e3 Rac8 22. Qc2 Nb3 23. Rab1 Nxd2 24. Qxd2 Rfd8 25. Rb5 a6 26. Re5 Qxe5
0-1

[Event "Welcome Tournament For New Players #3"]
[Site "SchemingMind.com"]
[Date "2006.08.14"]
[Round "-"]
[White "Dread"]
[Black "tomh"]
[Result "0-1"]
[WhiteCountry "GER"]
[BlackCountry "ENG"]
[WhiteElo "1820"]
[WhiteRD "136"]
[BlackElo "1800"]
[BlackRD "173"]
[GameID "63712"]

1. e4 c6 2. d4 d5 3. Nc3 dxe4 4. Nxe4 Bf5 5. Ng3 Bg6 6. h4 h6 7. h5 Bh7 8. Nf3 Nf6 9. Bc4 e6 10. Ne5 Bd6
11. f4 O-O 12. O-O Qc7 13. Bd3 Bxd3 14. Qxd3 Nbd7 15. Bd2 Rfd8 16. Qf3 c5 17. c3 cxd4 18. cxd4 Qb6 19. Be3 Rac8 20. b3 Qa6
21. Ne2 Rc2 22. Nc4 Nb6 23. Nxd6 Rxd6 24. f5 Qxe2 25. fxe6 Rxe6
0-1

[Event "Welcome Tournament For New Players #3"]
[Site "SchemingMind.com"]
[Date "2006.08.16"]
[Round "-"]
[White "haleman25"]
[Black "unbreakable"]
[Result "0-1"]
[WhiteCountry "NCA"]
[BlackCountry "FRA"]
[WhiteElo "1124"]
[WhiteRD "193"]
[BlackElo "1758"]
[BlackRD "99"]
[GameID "63861"]

1. e4 c5 2. c3 Nf6 3. e5 Nd5 4. d4 cxd4 5. cxd4 d6 6. f4 Nc6 7. Nc3 dxe5 8. fxe5 Bf5 9. Bb5 Rc8 10. Qf3 e6
11. g4 Bg6
0-1

[Event "Welcome Tournament For New Players #3"]
[Site "SchemingMind.com"]
[Date "2006.08.16"]
[Round "-"]
[White "haleman25"]
[Black "Coloplast"]
[Result "0-1"]
[WhiteCountry "NCA"]
[BlackCountry "SWE"]
[WhiteElo "1132"]
[WhiteRD "188"]
[BlackElo "1976"]
[BlackRD "83"]
[GameID "63863"]

1. e4 c5 2. Nf3 Nc6 3. d3 d6 4. Nc3 g6 5. d4 cxd4 6. Nxd4 Bg7 7. Bb5 Bd7 8. Be3 Nf6 9. Be2 O-O 10. O-O Nxd4
11. Bxd4 Bc6 12. Bxf6 Bxf6 13. f3 Qb6+ 14. Kh1 Qxb2 15. Qd2 Bxc3 16. Qc1 Qxa1
0-1

[Event "Welcome Tournament For New Players #3"]
[Site "SchemingMind.com"]
[Date "2006.08.16"]
[Round "-"]
[White "haleman25"]
[Black "Dread"]
[Result "0-1"]
[WhiteCountry "NCA"]
[BlackCountry "GER"]
[WhiteElo "1419"]
[WhiteRD "272"]
[BlackElo "1946"]
[BlackRD "82"]
[GameID "63864"]

1. e4 e6 2. d4 d5 3. f3 c5 4. Bb5+ Bd7 5. Bxd7+ Nxd7 6. exd5 exd5 7. dxc5 Bxc5 8. Nc3 Ne7 9. Nge2 O-O 10. Nxd5 Ne5
11. Nec3 Re8 12. Nxe7+ Qxe7 13. Bf4 Qh4+ 14. g3 Nxf3+ 15. Kf1 Qh3#
0-1

[Event "Welcome Tournament For New Players #3"]
[Site "SchemingMind.com"]
[Date "2006.08.17"]
[Round "-"]
[White "unbreakable"]
[Black "haleman25"]
[Result "1-0"]
[WhiteCountry "FRA"]
[BlackCountry "NCA"]
[WhiteElo "1758"]
[WhiteRD "99"]
[BlackElo "1124"]
[BlackRD "193"]
[GameID "63870"]

1. e4 e5 2. f4 exf4 3. Bc4 Nf6 4. Nc3 c6 5. Bb3 d5 6. exd5 Nxd5 7. Nxd5 cxd5 8. Qh5 Be6 9. Ne2 Bd6 10. O-O Qf6
11. d4 O-O 12. Bxf4
1-0

[Event "Welcome Tournament For New Players #3"]
[Site "SchemingMind.com"]
[Date "2006.08.16"]
[Round "-"]
[White "Coloplast"]
[Black "haleman25"]
[Result "1-0"]
[WhiteCountry "SWE"]
[BlackCountry "NCA"]
[WhiteElo "1976"]
[WhiteRD "83"]
[BlackElo "1132"]
[BlackRD "188"]
[GameID "63872"]

1. c4 e5 2. Nc3 Nf6 3. d3 Bc5 4. g3 O-O 5. Bg2 d6 6. Nf3 Nc6 7. Bg5 h6 8. Bxf6 Qxf6 9. Nd5 Bb4+ 10. Nd2 Bxd2+
11. Qxd2 Qg6 12. Nxc7 b6 13. Bxc6 Rb8 14. Be4 Qf6 15. Nd5
1-0

[Event "Welcome Tournament For New Players #3"]
[Site "SchemingMind.com"]
[Date "2006.08.16"]
[Round "-"]
[White "Dread"]
[Black "haleman25"]
[Result "1-0"]
[WhiteCountry "GER"]
[BlackCountry "NCA"]
[WhiteElo "1946"]
[WhiteRD "82"]
[BlackElo "1419"]
[BlackRD "272"]
[GameID "63873"]

1. e4 c5 2. Nf3 e6 3. d4 cxd4 4. Nxd4 a6 5. f4 Nf6 6. Nc3 Bb4 7. Bd3 d5 8. e5 Ne4 9. Bxe4 dxe4 10. O-O Bxc3
11. bxc3 b6 12. Ba3 g6 13. Qe1 Bb7 14. Rd1 Qc7 15. Qh4 Qxc3 16. Qe7#
1-0

[Event "Welcome Tournament For New Players #3"]
[Site "SchemingMind.com"]
[Date "2006.08.16"]
[Round "-"]
[White "Lazaro"]
[Black "unbreakable"]
[Result "1-0"]
[WhiteCountry "CUB"]
[BlackCountry "FRA"]
[WhiteElo "1876"]
[WhiteRD "104"]
[BlackElo "1758"]
[BlackRD "94"]
[GameID "63991"]

1. e4 c5 2. Nc3 a6 3. Nge2 d6 4. d4 cxd4 5. Nxd4 Nf6 6. Be2 e5 7. Nf3 h6 8. O-O Be6 9. Be3 Nbd7 10. a3 Be7
11. Nh4 O-O 12. Nf5 Bxf5 13. exf5= Nb6 14. f4 e4 15. Qd4 Nbd7 16. Nd5
1-0

[Event "Welcome Tournament For New Players #3"]
[Site "SchemingMind.com"]
[Date "2006.08.16"]
[Round "-"]
[White "Lazaro"]
[Black "Coloplast"]
[Result "0-1"]
[WhiteCountry "CUB"]
[BlackCountry "SWE"]
[WhiteElo "1834"]
[WhiteRD "119"]
[BlackElo "1976"]
[BlackRD "83"]
[GameID "63993"]

1. e4 c5 2. c3 e5 3. Nf3 d6 4. d4 Nc6 5. dxe5 Nxe5 6. Nxe5 dxe5 7. Qxd8+ Kxd8 8. Na3 Nf6 9. f3 Be6 10. Bc4 Bxc4
11. Nxc4 Nd7 12. Ke2 b5
0-1

[Event "Welcome Tournament For New Players #3"]
[Site "SchemingMind.com"]
[Date "2006.08.16"]
[Round "-"]
[White "Lazaro"]
[Black "Dread"]
[Result "1/2-1/2"]
[WhiteCountry "CUB"]
[BlackCountry "GER"]
[WhiteElo "1834"]
[WhiteRD "119"]
[BlackElo "1970"]
[BlackRD "80"]
[GameID "63994"]

1. d4 Nf6 2. c4 g6 3. Nc3 Bg7 4. e4 d6 5. Nf3 O-O 6. Be2 c6 7. O-O Qc7 8. Bf4 Nbd7 9. c5 Nh5 10. cxd6 exd6
11. Be3 Re8 12. Re1 Nhf6 13. Qc2 a6 14. Rac1 b5 15. b4 Nb6 16. Bg5 Bg4 17. Nd2 Bxe2 18. Nxe2 Rac8 19. a3 Qd7=
1/2-1/2

[Event "Welcome Tournament For New Players #3"]
[Site "SchemingMind.com"]
[Date "2006.08.17"]
[Round "-"]
[White "unbreakable"]
[Black "Lazaro"]
[Result "0-1"]
[WhiteCountry "FRA"]
[BlackCountry "CUB"]
[WhiteElo "1758"]
[WhiteRD "94"]
[BlackElo "1876"]
[BlackRD "104"]
[GameID "64001"]

1. e4 c5 2. Nf3 d6 3. d4 cxd4 4. Nxd4 Nf6 5. Nc3 a6 6. f3 e5 7. Nb3 Be6 8. Be3 d5 9. exd5 Nxd5 10. Nxd5 Qxd5
11. Qxd5 Bxd5= 12. c4 Be6 13. O-O-O Nd7 14. Kb1 Rc8 15. Rc1 Bf5+
0-1

[Event "Welcome Tournament For New Players #3"]
[Site "SchemingMind.com"]
[Date "2006.08.16"]
[Round "-"]
[White "Coloplast"]
[Black "Lazaro"]
[Result "1-0"]
[WhiteCountry "SWE"]
[BlackCountry "CUB"]
[WhiteElo "1976"]
[WhiteRD "83"]
[BlackElo "1834"]
[BlackRD "119"]
[GameID "64003"]

1. c4 e5 2. Nc3 Nf6 3. g3 Bc5 4. Bg2 Nc6 5. d3 O-O 6. Nf3 d6 7. Bg5 h6 8. Bxf6 Qxf6 9. Ne4 Bb4+ 10. Nfd2 Qg6
11. a3 Ba5 12. O-O Bb6= 13. e3
1-0

[Event "Welcome Tournament For New Players #3"]
[Site "SchemingMind.com"]
[Date "2006.08.16"]
[Round "-"]
[White "Dread"]
[Black "Lazaro"]
[Result "1/2-1/2"]
[WhiteCountry "GER"]
[BlackCountry "CUB"]
[WhiteElo "1970"]
[WhiteRD "80"]
[BlackElo "1834"]
[BlackRD "119"]
[GameID "64004"]

1. e4 e5 2. Nf3 Nc6 3. Bb5 a6 4. Ba4 Nf6 5. O-O Nxe4 6. Re1 Nc5 7. Bxc6 dxc6 8. d4 Ne6 9. Nxe5 Be7 10. Be3 O-O
11. Nc3 Bd6 12. Nc4 f5 13. Nxd6 Qxd6 14. d5 cxd5 15. Qxd5 Qb4=
1/2-1/2

[Event "Welcome Tournament For New Players #3"]
[Site "SchemingMind.com"]
[Date "2006.08.16"]
[Round "-"]
[White "tomh"]
[Black "Lazaro"]
[Result "0-1"]
[WhiteCountry "ENG"]
[BlackCountry "CUB"]
[WhiteElo "1564"]
[WhiteRD "154"]
[BlackElo "1783"]
[BlackRD "181"]
[GameID "64007"]

1. e4 e5 2. Nf3 Nc6 3. Bc4 Bc5 4. c3 Nf6 5. d3 O-O 6. b4 Be7 7. Bb5 a5 8. Qa4 Nb8 9. Nxe5 d6 10. Nc4 c6
0-1

[Event "Welcome Tournament For New Players #3"]
[Site "SchemingMind.com"]
[Date "2006.08.17"]
[Round "-"]
[White "nwap"]
[Black "rxmena"]
[Result "1-0"]
[WhiteCountry "ENG"]
[BlackCountry "EGY"]
[WhiteElo "1255"]
[WhiteRD "115"]
[BlackElo "1101"]
[BlackRD "127"]
[GameID "64072"]

1. e4 c5 2. e5 e6 3. Nf3 d5 4. d3 Nc6 5. d4 Nge7 6. dxc5 Ng6 7. Bb5 Bxc5 8. Bg5 Qa5+ 9. Nc3 O-O 10. O-O Ngxe5
11. a3 Qc7 12. b4
1-0

[Event "Welcome Tournament For New Players #3"]
[Site "SchemingMind.com"]
[Date "2006.08.17"]
[Round "-"]
[White "nwap"]
[Black "unbreakable"]
[Result "0-1"]
[WhiteCountry "ENG"]
[BlackCountry "FRA"]
[WhiteElo "1255"]
[WhiteRD "115"]
[BlackElo "1833"]
[BlackRD "96"]
[GameID "64073"]

1. e4 c5 2. Bc4 e6 3. e5 Nc6 4. Nf3 Qc7 5. Qe2 d6 6. Bd3 dxe5 7. Ng5 Nf6 8. Qf3 Nd4 9. Qd1 h6 10. Nf3 e4
11. Bxe4 Nxe4 12. Nxd4 cxd4 13. d3 Nf6 14. Qf3 Be7 15. c3 dxc3 16. Nxc3 a6 17. O-O O-O 18. Bf4 Qc5 19. Na4 Qh5 20. Qxh5 Nxh5
21. Be3 Bd7 22. Nb6 Rad8 23. Nxd7 Rxd7 24. d4 Nf6 25. a4 Nd5 26. Bd2 Bf6 27. Rad1 Bxd4 28. b3 Nf6 29. Be3 Bxe3 30. fxe3 Rfd8
31. Rxd7 Rxd7 32. a5 Rd3 33. Rc1 Rxb3 34. Rc8+ Kh7 35. Rc7 Kg6 36. Kf2 Ng4+
0-1

[Event "Welcome Tournament For New Players #3"]
[Site "SchemingMind.com"]
[Date "2006.08.17"]
[Round "-"]
[White "nwap"]
[Black "invacuo"]
[Result "1-0"]
[WhiteCountry "ENG"]
[BlackCountry "USA"]
[WhiteElo "1452"]
[WhiteRD "97"]
[BlackElo "1361"]
[BlackRD "131"]
[GameID "64074"]

1. e4 c5 2. Nf3 Nc6 3. d4 cxd4 4. Nxd4 Nf6 5. e5 Qa5+ 6. Bd2 Qxe5+ 7. Be3 e6 8. Qd2 b6 9. f4 Qc7 10. Qc3 Bb4
11. Nb5 Bxc3+ 12. N1xc3 Qb7 13. Nd6+ Ke7 14. Nxb7 Bxb7 15. O-O-O a6 16. Bxb6 h6 17. Bc5+ Ke8 18. Bd3
1-0

[Event "Welcome Tournament For New Players #3"]
[Site "SchemingMind.com"]
[Date "2006.08.17"]
[Round "-"]
[White "nwap"]
[Black "Coloplast"]
[Result "0-1"]
[WhiteCountry "ENG"]
[BlackCountry "SWE"]
[WhiteElo "1255"]
[WhiteRD "115"]
[BlackElo "1921"]
[BlackRD "94"]
[GameID "64075"]

1. e4 c5 2. Nf3 Nc6 3. Ng5 e5 4. d3 Nf6 5. Qf3 d6 6. Nc3 Bg4 7. Qe3 Nd4 8. Qd2 h6 9. Nh3 Bxh3 10. gxh3 Be7
11. Bg2 Nh5 12. Nd5 Bg5 13. Qc3 Ne6 14. Bd2 Bxd2+ 15. Qxd2 Nhf4 16. Nxf4 Nxf4 17. Bf1 Qh4 18. Qe3 O-O-O 19. O-O-O g6 20. Qg3 Qg5
21. h4 Nxd3+ 22. Kb1 Qxg3 23. fxg3 Nf2 24. Bh3+ Nxh3 25. Rd2 Kc7 26. Rf1 Rhf8 27. c4 f5 28. exf5 Rxf5 29. Rxf5 gxf5 30. b3 Rg8
31. a3 f4 32. Rd3 e4 33. Rc3 f3 34. Rc1 e3
0-1

[Event "Welcome Tournament For New Players #3"]
[Site "SchemingMind.com"]
[Date "2006.08.17"]
[Round "-"]
[White "nwap"]
[Black "Dread"]
[Result "0-1"]
[WhiteCountry "ENG"]
[BlackCountry "GER"]
[WhiteElo "1149"]
[WhiteRD "137"]
[BlackElo "1820"]
[BlackRD "136"]
[GameID "64076"]

1. e4 e6 2. d4 d5 3. e5 c5 4. Nf3 Nc6 5. c3 Nge7 6. dxc5 Ng6 7. Qe2 Bxc5 8. b4 Bb6 9. b5 Na5 10. Bg5 Qc7
11. h4 Bd7 12. h5 Ne7 13. h6 gxh6 14. Bxh6 O-O-O 15. Ng5 Nf5 16. Nxf7 Bxb5 17. Qxb5 Qxf7 18. Bg5 Bxf2+ 19. Kd1 Nc6 20. Bxd8 Rxd8
21. Be2 Ng3 22. Rh3 d4 23. Bf3 dxc3+ 24. Kc2 Nd4+ 25. Kc1 Qf4+
0-1

[Event "Welcome Tournament For New Players #3"]
[Site "SchemingMind.com"]
[Date "2006.08.17"]
[Round "-"]
[White "nwap"]
[Black "tomh"]
[Result "0-1"]
[WhiteCountry "ENG"]
[BlackCountry "ENG"]
[WhiteElo "1149"]
[WhiteRD "137"]
[BlackElo "1800"]
[BlackRD "173"]
[GameID "64079"]

1. e4 c6 2. d4 d5 3. e5 Bf5 4. Nf3 e6 5. Ng5 Nd7 6. Bd3 Ne7 7. g4 Bxd3 8. Qxd3 h6 9. Nh7 Ng6 10. Nxf8 Rxf8
11. Qb3 Rb8 12. Bd2 c5 13. Be3 cxd4 14. Bxd4 Qg5 15. Bxa7 Qc1+ 16. Ke2 Qxh1 17. Bxb8 Qe4+ 18. Qe3 Qxg4+ 19. f3 Qg2+ 20. Qf2 Qxf2+
21. Kxf2 Nxb8 22. Nc3 Nc6 23. Nb5 Ncxe5 24. Nd6+ Ke7 25. Nxb7 Rb8 26. Nc5 Rxb2
0-1

[Event "Welcome Tournament For New Players #3"]
[Site "SchemingMind.com"]
[Date "2006.08.17"]
[Round "-"]
[White "nwap"]
[Black "haleman25"]
[Result "1-0"]
[WhiteCountry "ENG"]
[BlackCountry "NCA"]
[WhiteElo "1389"]
[WhiteRD "105"]
[BlackElo "1132"]
[BlackRD "188"]
[GameID "64080"]

1. e4 e5 2. Nf3 Nc6 3. d3 Nf6 4. d4 exd4 5. Nxd4 Nxd4 6. Qxd4 d5 7. e5 Ne4 8. f3 Bc5 9. Qa4+ Bd7 10. Qb3 Nf2
11. Rg1
1-0

[Event "Welcome Tournament For New Players #3"]
[Site "SchemingMind.com"]
[Date "2006.08.17"]
[Round "-"]
[White "nwap"]
[Black "Lazaro"]
[Result "0-1"]
[WhiteCountry "ENG"]
[BlackCountry "CUB"]
[WhiteElo "1424"]
[WhiteRD "96"]
[BlackElo "1881"]
[BlackRD "108"]
[GameID "64081"]

1. e4 e5 2. Nf3 Nc6 3. d4 exd4 4. Nxd4 Bc5 5. Nxc6 Qf6 6. Be3 Bxe3 7. fxe3 dxc6 8. Nc3 Qh4+ 9. g3 Qe7 10. Bc4 Nf6
11. Ne2 Qxe4 12. Rf1 Qxc4 13. Rf4 Qd5 14. Qxd5 cxd5 15. Rd4 c6 16. Nc3 Bf5 17. O-O-O O-O-O 18. R4d2 Rhe8 19. Rf2 Bg6 20. Re2 Bh5
21. Red2 Bxd1 22. Rxd1 Rxe3 23. b3 Rxc3 24. Kb2 Rf3 25. Rg1 Re8 26. g4 Re2 27. g5 Ne4 28. h4 Rff2 29. h5 Rxc2+ 30. Kb1 Nc3+
31. Ka1 Rxa2#
0-1

[Event "Welcome Tournament For New Players #3"]
[Site "SchemingMind.com"]
[Date "2006.08.17"]
[Round "-"]
[White "rxmena"]
[Black "nwap"]
[Result "0-1"]
[WhiteCountry "EGY"]
[BlackCountry "ENG"]
[WhiteElo "1101"]
[WhiteRD "127"]
[BlackElo "1255"]
[BlackRD "115"]
[GameID "64083"]

1. e4 e5 2. Bc4 Nf6 3. Nf3 d6 4. Nc3 Be6 5. d3 c6 6. Be3 d5 7. exd5 cxd5 8. Bb5+ Nc6 9. Nxe5 Qd6 10. d4 Be7
11. Qd2 a6
0-1

[Event "Welcome Tournament For New Players #3"]
[Site "SchemingMind.com"]
[Date "2006.08.17"]
[Round "-"]
[White "unbreakable"]
[Black "nwap"]
[Result "1-0"]
[WhiteCountry "FRA"]
[BlackCountry "ENG"]
[WhiteElo "1613"]
[WhiteRD "138"]
[BlackElo "1149"]
[BlackRD "137"]
[GameID "64084"]

1. e4 e5 2. f4 exf4 3. Bc4 Nf6 4. Nc3 Nc6 5. d4 Na5 6. Bd3 g5 7. h4 Bh6 8. hxg5 Bxg5 9. e5 Ng8 10. Nf3 Bh6
11. Rxh6 Nxh6 12. Bxf4 Qh4+ 13. Nxh4 Ng8 14. Qh5 d6 15. exd6 Nf6 16. Qxa5 cxd6 17. Bxd6 b6 18. Qe5+ Be6 19. Qxf6 Rg8 20. Qe7#
1-0

[Event "Welcome Tournament For New Players #3"]
[Site "SchemingMind.com"]
[Date "2006.08.18"]
[Round "-"]
[White "invacuo"]
[Black "nwap"]
[Result "0-1"]
[WhiteCountry "USA"]
[BlackCountry "ENG"]
[WhiteElo "1361"]
[WhiteRD "131"]
[BlackElo "1452"]
[BlackRD "97"]
[GameID "64085"]

1. e4 e5 2. Nf3 d6 3. d4 f6 4. dxe5 dxe5 5. Qxd8+ Kxd8 6. Nc3 Bc5 7. Be3 Bxe3 8. fxe3 Nc6 9. Nb5 Nb4 10. O-O-O+ Bd7
11. Kb1 a6 12. Na3 Kc8 13. c3 Ba4 14. b3 Nd5 15. exd5 Bd7 16. e4 f5 17. Nxe5 Nf6
0-1

[Event "Welcome Tournament For New Players #3"]
[Site "SchemingMind.com"]
[Date "2006.08.17"]
[Round "-"]
[White "Coloplast"]
[Black "nwap"]
[Result "1-0"]
[WhiteCountry "SWE"]
[BlackCountry "ENG"]
[WhiteElo "1921"]
[WhiteRD "94"]
[BlackElo "1255"]
[BlackRD "115"]
[GameID "64086"]

1. c4 e5 2. Nc3 Qf6 3. Nd5 Qc6 4. e4 Nf6 5. Nxf6+ Qxf6 6. Nf3 Bc5 7. d3 Bb4+ 8. Bd2 Qb6 9. Nxe5 O-O 10. Nf3 Bc5
11. Qb3 Bxf2+ 12. Ke2 Bc5 13. g3 Qxb3 14. axb3 d6 15. b4 Bb6 16. Bg2 Re8 17. Be3 Bxe3 18. Kxe3 Nc6 19. Ra4 f5 20. Nd4 Nxd4
21. Kxd4 Bd7 22. Ra5 Rf8 23. exf5 Bxf5 24. Bxb7 Rae8 25. Rxa7 Bc8 26. Bd5+ Be6 27. Rxc7 Bxd5 28. Kxd5 Rd8 29. Re1 Rf5+ 30. Kc6 Rf6
31. Ree7 d5+ 32. Kc5 d4 33. Rxg7+ Kh8 34. Rxh7+ Kg8 35. Rhd7 Rxd7 36. Rxd7
1-0

[Event "Welcome Tournament For New Players #3"]
[Site "SchemingMind.com"]
[Date "2006.08.17"]
[Round "-"]
[White "Dread"]
[Black "nwap"]
[Result "1-0"]
[WhiteCountry "GER"]
[BlackCountry "ENG"]
[WhiteElo "1820"]
[WhiteRD "136"]
[BlackElo "1149"]
[BlackRD "137"]
[GameID "64087"]

1. e4 e5 2. Nf3 d6 3. d4 Qe7 4. d5 Nf6 5. Bg5 h6 6. Bxf6 Qxf6 7. Nc3 Bd7 8. Bb5 Bxb5 9. Nxb5 Qe7 10. Qd2 Na6
11. O-O O-O-O 12. Nxa7+ Kb8 13. Nb5 Nc5 14. Rfe1 g5 15. Qa5 Na6 16. Re3 g4 17. Nd2 b6 18. Qxa6 h5 19. Qa7+ Kc8 20. Qa8+ Kd7
21. Qc6+ Kc8 22. Ra3 Bh6 23. Ra8#
1-0

[Event "Welcome Tournament For New Players #3"]
[Site "SchemingMind.com"]
[Date "2006.08.17"]
[Round "-"]
[White "tomh"]
[Black "nwap"]
[Result "0-1"]
[WhiteCountry "ENG"]
[BlackCountry "ENG"]
[WhiteElo "1461"]
[WhiteRD "140"]
[BlackElo "1452"]
[BlackRD "97"]
[GameID "64090"]

1. e4 c5 2. Nf3 d5 3. exd5 Qxd5 4. Nc3 Qe6+ 5. Be2 Qg6 6. O-O Bh3 7. Ne1 Nf6 8. d4 e6 9. dxc5 Bxc5 10. Bb5+ Nc6
11. Bxc6+ bxc6 12. Qf3 Bg4 13. Qxc6+ Ke7 14. Qxc5+ Kd8 15. Qd6+ Nd7 16. f3 Bh3 17. Qg3 Qxg3 18. hxg3 Bf5 19. g4 Bg6 20. f4 f5
21. gxf5 Bxf5 22. Be3 a5 23. Bd4 Rg8 24. Nd1 g6 25. Ne3 Rf8 26. Nf3 Be4 27. Ng5 Re8 28. Nxe4 e5 29. fxe5 a4 30. Nf6 Nxf6
0-1

[Event "Welcome Tournament For New Players #3"]
[Site "SchemingMind.com"]
[Date "2006.08.17"]
[Round "-"]
[White "haleman25"]
[Black "nwap"]
[Result "0-1"]
[WhiteCountry "NCA"]
[BlackCountry "ENG"]
[WhiteElo "1132"]
[WhiteRD "188"]
[BlackElo "1389"]
[BlackRD "105"]
[GameID "64091"]

1. e4 e5 2. Nf3 d6 3. d4 exd4 4. Qxd4 Nc6 5. Qa4 Bd7 6. Qb3 Na5 7. Qc3 Nc6 8. Bg5 f6 9. Bd2 f5 10. e5 d5
0-1

[Event "Welcome Tournament For New Players #3"]
[Site "SchemingMind.com"]
[Date "2006.08.22"]
[Round "-"]
[White "behindcurtain3"]
[Black "nwap"]
[Result "0-1"]
[WhiteCountry "USA"]
[BlackCountry "ENG"]
[WhiteElo "1187"]
[WhiteRD "171"]
[BlackElo "1452"]
[BlackRD "97"]
[GameID "64680"]

1. d4 Nf6 2. e4 Nxe4 3. Nc3 Nd6 4. Nf3 e6 5. Bd3 c6 6. O-O f5 7. Ng5 h6 8. Qh5+ Ke7 9. Re1 Qe8 10. Qh4 Nf7
11. Nf3+ g5 12. Nxg5 Nxg5 13. Bxg5+ Kf7 14. Qh5+ Kg8 15. Qxe8 Na6 16. Bf6 Rh7
0-1

[Event "Welcome Tournament For New Players #3"]
[Site "SchemingMind.com"]
[Date "2006.08.22"]
[Round "-"]
[White "behindcurtain3"]
[Black "unbreakable"]
[Result "0-1"]
[WhiteCountry "USA"]
[BlackCountry "FRA"]
[WhiteElo "1187"]
[WhiteRD "177"]
[BlackElo "1758"]
[BlackRD "99"]
[GameID "64683"]

1. Nf3 c5 2. c4 b6 3. Nc3 Bb7 4. e4 d6 5. d4 cxd4 6. Nxd4 Nf6 7. Qe2 e6 8. g3 Be7 9. Bg2 a6 10. Bg5 Nbd7
0-1

[Event "Welcome Tournament For New Players #3"]
[Site "SchemingMind.com"]
[Date "2006.08.22"]
[Round "-"]
[White "behindcurtain3"]
[Black "Dread"]
[Result "0-1"]
[WhiteCountry "USA"]
[BlackCountry "GER"]
[WhiteElo "1233"]
[WhiteRD "185"]
[BlackElo "1970"]
[BlackRD "80"]
[GameID "64686"]

1. d4 Nf6 2. c4 g6 3. Nc3 Bg7 4. e4 d6 5. g3 O-O 6. Bg2 e5 7. Nge2 Nbd7 8. O-O c5 9. d5 Nh5 10. Nb5 Nb6
11. b3 Qe7 12. Qd2 f5 13. Nbc3 f4 14. f3 g5
0-1

[Event "Welcome Tournament For New Players #3"]
[Site "SchemingMind.com"]
[Date "2006.08.22"]
[Round "-"]
[White "behindcurtain3"]
[Black "tomh"]
[Result "1-0"]
[WhiteCountry "USA"]
[BlackCountry "ENG"]
[WhiteElo "1187"]
[WhiteRD "174"]
[BlackElo "1461"]
[BlackRD "144"]
[GameID "64689"]

1. d4 d5 2. c4 e6 3. Nc3 Nf6 4. Bg5 Be7 5. e3 O-O 6. Nf3 h6 7. Bh4 Nc6 8. Bd3 Nb4 9. Bb1 dxc4 10. a3 Nbd5
11. O-O
1-0

[Event "Welcome Tournament For New Players #3"]
[Site "SchemingMind.com"]
[Date "2006.08.22"]
[Round "-"]
[White "nwap"]
[Black "behindcurtain3"]
[Result "1-0"]
[WhiteCountry "ENG"]
[BlackCountry "USA"]
[WhiteElo "1389"]
[WhiteRD "105"]
[BlackElo "1233"]
[BlackRD "185"]
[GameID "64692"]

1. e4 c5 2. Bc4 d6 3. Qf3 e6 4. Bb5+ Nd7 5. Nh3 Be7 6. Bc4 Ne5 7. Qe2 Nf6 8. Ng5 O-O 9. Bb3 h6 10. Nf3 a6
11. O-O Bd7 12. Nxe5 dxe5 13. d3 b5 14. f3 Nh5 15. f4
1-0

[Event "Welcome Tournament For New Players #3"]
[Site "SchemingMind.com"]
[Date "2006.08.22"]
[Round "-"]
[White "Dread"]
[Black "behindcurtain3"]
[Result "1-0"]
[WhiteCountry "GER"]
[BlackCountry "USA"]
[WhiteElo "1970"]
[WhiteRD "80"]
[BlackElo "1233"]
[BlackRD "185"]
[GameID "64698"]

1. e4 c5 2. Nf3 d6 3. d4 cxd4 4. Nxd4 Nf6 5. Nc3 Nc6 6. Bb5 Bd7 7. O-O e6 8. Bg5 Be7 9. Qd2 O-O 10. Rad1 a6
11. Nxc6 Bxc6 12. Bxc6 bxc6 13. Bxf6 Bxf6 14. Qxd6 Qa5 15. Rd3 Rab8 16. Nd1
1-0

[Event "Welcome Tournament For New Players #3"]
[Site "SchemingMind.com"]
[Date "2006.08.22"]
[Round "-"]
[White "tomh"]
[Black "behindcurtain3"]
[Result "0-1"]
[WhiteCountry "ENG"]
[BlackCountry "USA"]
[WhiteElo "1461"]
[WhiteRD "147"]
[BlackElo "1187"]
[BlackRD "177"]
[GameID "64701"]

1. e4 c5 2. Nf3 d6 3. d4 cxd4 4. Nxd4 Nf6 5. Nc3 g6 6. Be3 Bg7 7. f3 O-O 8. Qd2 Nc6 9. Bc4 Bd7 10. Nxc6 bxc6
11. O-O-O Qa5 12. Bh6 Rfb8 13. Bxg7 Kxg7 14. g4 Rb4 15. Bb3 Be6 16. g5 Nd7
0-1

[Event "Welcome Tournament For New Players #3"]
[Site "SchemingMind.com"]
[Date "2006.08.22"]
[Round "-"]
[White "kyx"]
[Black "nwap"]
[Result "0-1"]
[WhiteCountry "GBR"]
[BlackCountry "ENG"]
[WhiteElo "1104"]
[WhiteRD "148"]
[BlackElo "1389"]
[BlackRD "105"]
[GameID "64704"]

1. d4 Nf6 2. Nf3 d5 3. c4 dxc4 4. e3 Be6 5. Nc3 Nd5 6. Bxc4 Nxc3 7. bxc3 Bxc4 8. Ne5 Bd5 9. c4 Bxg2 10. Rg1 Be4
11. Qg4 f5 12. Qh5+ g6 13. Nxg6 f4 14. Nxh8+ Kd7 15. Nf7 Qe8 16. Qh3+ e6 17. Ne5+ Kc8 18. Rg8 Bb4+ 19. Bd2 Bxd2+
0-1

[Event "Welcome Tournament For New Players #3"]
[Site "SchemingMind.com"]
[Date "2006.08.22"]
[Round "-"]
[White "kyx"]
[Black "Coloplast"]
[Result "0-1"]
[WhiteCountry "GBR"]
[BlackCountry "SWE"]
[WhiteElo "1104"]
[WhiteRD "148"]
[BlackElo "1976"]
[BlackRD "83"]
[GameID "64709"]

1. d4 g6 2. c4 Bg7 3. Nc3 d6 4. Nf3 Bg4 5. e3 Nd7 6. Be2 c5 7. O-O Ngf6 8. h3 Bxf3 9. Bxf3 Rb8 10. Re1 O-O
11. Qd3 a6 12. e4 cxd4 13. Qxd4 Qc7 14. Be2 Qc5
0-1